• 首页
  • 本馆介绍
  • 公告通知
  • 最新文献
  • 馆藏检索
  • 电子资源
  • 读者导购
  • 参考咨询
  • 我的图书馆
  • 登录
  • 详细信息显示
  • 放入我的书架
  • 预约/预借图书
  • 作者相关作品
  • 分类相关作品
  • 丛书相关作品
  • 出版社相关作品

书目信息

  • 表格格式
  • 工作单格式
  • 卡片格式
题名:
心灵驿站
    
 
作者: 马前锋 主编 ;徐国明 编著
分册:   潜能开发
出版信息: 上海   上海科技教育出版社  2000
页数: 172页
开本: 19cm
丛书名:
单 册:
中图分类: B84-49 , B842.2
科图分类:
主题词: 心理学--通俗读物 , 能力--开发--通俗读物 , 能力 , 心理学 , 心理过程 , 心理状态
电子资源:
ISBN: 7-5428-2095-8
000 01055nam0 2200325 450
001 1239455687
005 20120929105938.37
010    @a7-5428-2095-8@dCNY9.80
100    @a20021005d2000 em y0chiy0110 ea
101 0  @achi
102    @aCN@b310000
105    @af z 000yy
106    @ar
200 1  @a心灵驿站@Axin ling yi zhan@i潜能开发@f马前锋主编@g徐国明编著
210    @a上海@c上海科技教育出版社@d2000
215    @a172页@c插图@d19cm
314    @a徐国明,心理学硕士,上海市社会心理学会理事。编著有《心灵驿站——潜能开发》等。
330    @a本书通过古今中外的寓言、故事,以及我们日常生活工作中可能经常发生的事例,生动地、有趣地指导你进行潜能开发训练的心理学知识和方法。
606 0  @a心理学@x通俗读物
606 0  @a能力@x开发@x通俗读物
606 0  @a能力
606 0  @a心理学
606 0  @a心理过程
606 0  @a心理状态
690    @aB84-49@v4
690    @aB842.2@v4
701  0 @a马前锋@Ama qian feng@4主编
702  0 @a徐国明@Axu guo ming@4编著
801  0 @aCN@bNLC@c20001030
905    @a10447@dB842.2@eJY111
    
    心灵驿站.潜能开发/马前锋主编/徐国明编著 .-上海:上海科技教育出版社,2000
    172页:插图;19cm
    
    
    ISBN 7-5428-2095-8:CNY9.80
    本书通过古今中外的寓言、故事,以及我们日常生活工作中可能经常发生的事例,生动地、有趣地指导你进行潜能开发训练的心理学知识和方法。
●
相关链接 在E读中查询图书 在五车中查询图书 在当当中查询图书 在豆瓣中查询图书


正题名:心灵驿站     索取号:B842.2/JY111         预约/预借

序号 登录号 条形码 馆藏地/架位号 状态 备注
1 7830345   278303453   学院路分馆/ [索取号:B842.2/JY111] 在馆    
2 7830346   278303462   学院路分馆/ [索取号:B842.2/JY111] 在馆    
唐山师范学院图书馆 欢迎您!
大连网信软件有限公司© 版权所有